[Event "GRE-chT 50th"]
[Site "Nikaia"]
[Date "2023.08.28"]
[Round "5.10"]
[White "Misios, Konstantinos"]
[Black "Gkadakis, Nikolaos"]
[Result "1-0"]
[WhiteElo "1362"]
[BlackElo "1145"]
[PlyCount "53"]
[EventDate "2023.08.25"]
[EventType "team"]
[EventRounds "9"]
[EventCountry "GRE"]
[SourceTitle "EXT 2024"]
[Source "ChessBase"]
[SourceDate "2023.10.10"]
[SourceVersion "1"]
[SourceVersionDate "2023.10.10"]
[SourceQuality "1"]
[WhiteTeam "Amo Galaxias"]
[BlackTeam "Thessaloniki Aris"]
[WhiteTeamCountry "GRE"]
[BlackTeamCountry "GRE"]

1. e4 c5 2. Nf3 d6 3. d4 cxd4 4. Nxd4 Nf6 5. Nc3 Nc6 6. Bg5 e6 7. Qd3 a6 8. 0-0-0 h6 9. Bh4 Bd7 10. f4 Be7 11. Be2 b5 12. a3 Rc8 13. Qg3 0-0 14. Nxc6 Bxc6 15. Bxf6 Bxf6 16. e5 Bh4 17. Qg4 d5 18. Ne4 Be7 19. Rd3 Kh8 20. Rg3 Rg8 21. Rd1 Qc7 22. Nc3 Bb7 23. Qh5 Bf8 24. Rh3 b4 25. axb4 Qb6 26. Qxf7 d4 27. Bd3 1-0

[Event "GRE-ch U10"]
[Site "Peristeri"]
[Date "2023.07.08"]
[Round "8"]
[White "Kalligeris, Ioannis"]
[Black "Gkadakis, Nikolaos"]
[Result "0-1"]
[WhiteElo "1107"]
[BlackElo "1074"]
[PlyCount "72"]
[EventDate "2023.07.03"]
[EventType "swiss"]
[EventRounds "9"]
[EventCountry "GRE"]
[SourceTitle "EXT 2024"]
[Source "ChessBase"]
[SourceDate "2023.10.10"]
[SourceVersion "1"]
[SourceVersionDate "2023.10.10"]
[SourceQuality "1"]

1. e4 e5 2. Nf3 Nc6 3. Bb5 a6 4. Ba4 d6 5. h3 Bd7 6. 0-0 b5 7. Bb3 Na5 8. Nc3 Nxb3 9. axb3 g6 10. d3 h6 11. Be3 Bg7 12. Nd5 Ne7 13. Nxe7 Qxe7 14. Ra2 Bc6 15. Qa1 Bb7 16. c4 0-0 17. Ne1 f5 18. Qc1 f4 19. Bd2 c5 20. Nf3 b4 21. Qc2 g5 22. Qd1 Qf7 23. Qe2 Bc8 24. Rfa1 Ra7 25. Nh2 Qg6 26. Ra5 Raf7 27. f3 h5 28. R5a2 g4 29. Kh1 g3 30. Nf1 Qg5 31. Ra5 Qh4 32. Be1 Rf6 33. Rc1 Rg6 34. Rc2 Bxh3 35. gxh3 g2+ 36. Kh2 g1Q# 0-1

[Event "GRE-ch U10"]
[Site "Peristeri"]
[Date "2023.07.04"]
[Round "3"]
[White "Lampos, Charalampos"]
[Black "Gkadakis, Nikolaos"]
[Result "1-0"]
[WhiteElo "1506"]
[BlackElo "1074"]
[PlyCount "57"]
[EventDate "2023.07.03"]
[EventType "swiss"]
[EventRounds "9"]
[EventCountry "GRE"]
[SourceTitle "EXT 2024"]
[Source "ChessBase"]
[SourceDate "2023.10.10"]
[SourceVersion "1"]
[SourceVersionDate "2023.10.10"]
[SourceQuality "1"]

1. c4 e5 2. Nc3 Nc6 3. g3 f5 4. Bg2 Nf6 5. d3 Bb4 6. Nf3 d6 7. 0-0 Bxc3 8. bxc3 0-0 9. Rb1 Rb8 10. Be3 Bd7 11. Qc2 Qe8 12. Rfe1 Qh5 13. h3 f4 14. g4 Nxg4 15. hxg4 Bxg4 16. Bc1 Rf6 17. Nh2 Rh6 18. Nxg4 Qxg4 19. d4 Rg6 20. Qe4 h5 21. Kf1 h4 22. Qf3 Qxf3 23. Bxf3 Na5 24. e3 fxe3 25. Bxe3 exd4 26. Bxd4 Rh6 27. Re7 Rg6 28. Bd5+ Kh8 29. Rbe1 1-0